000 00484nam a2200181 a 4500
001 8038
003 CO-ViMGA
008 141112s2004 ck r 000 u spa d
020 _a9589628990
040 _aCO-ViMGA
_bspa
_cCO-ViMGA
082 0 4 _a069.15 A521n
110 _aAlcaldia Mayor de Bogotá
_95718
245 1 0 _aMuseos abiertos :
_bBogotá para los estudiantes
260 _aBogotá,
_cEscala,
_c2000
300 _a264.p.
650 1 4 _aMUSEOS - COLOMBIA
_97661
942 _2ddc
_cBK
999 _c19860
_d19860